000 00791nam a2200193 a 4500
001 000037237
005 20220321135113.0
008 120316s2011 dr a 000 0 spa d
020 _a9789945878943
040 _aDO-SdBNP
_bspa
_cBNPHU
082 _axxxx
_bI43f
100 1 _aInfante, María Isabel
_937920
245 1 3 _aLa función del facilitador o de la facilitadora, y las dificultades del proceso de alfabetización. :
_bGuía para alfabetizadores y alfabetizadoras /
_cMaría Isabel Infante, María Eugenia Letelier.
260 _aSanto Domingo, :
_bOEI,
_c2011.
300 _a21 p. :
_bil. ;
_c28 cm.
504 _aBibliografia p: 21
710 2 _aOrganización de Estados Iberoamericanos para la Educación, la Ciencia y la Cultura
_929137
700 1 _aLetelier, María Eugenia
_937921
999 _c36727
_d36727